[Event "Amateur Tournament (ATO)"]
[Site "https://www.chess.com"]
[Date "2025.07.23"]
[Round "8"]
[White "Luedi, Paul"]
[Black "Ademi, Rexhe"]
[Result "1-0"]
[Board "39"]
[WhiteFideId "1319930"]
[BlackFideId "1350366"]
[WhiteElo "1716"]
[BlackElo "1605"]
[WhiteTeam "SUI"]
[BlackTeam "SUI"]
[WhiteClock "0:31:48"]
[BlackClock "1:29:30"]
[Variant "Standard"]

1. d4 {[%clk 1:30:48]}  g6 {[%clk 1:30:52]} 2. c4 {[%clk 1:31:07]}  Bg7 {[%clk 1:31:15]} 3. Nc3 {[%clk 1:31:17]}  c6 {[%clk 1:31:22]} 4. e4 {[%clk 1:31:01]}  d6 {[%clk 1:31:28]} 5. Be2 {[%clk 1:28:02]}  Qb6 {[%clk 1:31:28]} 6. Nf3 {[%clk 1:26:56]}  Bg4 {[%clk 1:31:45]} 7. Na4 {[%clk 1:23:23]}  Qa5+ {[%clk 1:31:28]} 8. Bd2 {[%clk 1:20:22]}  Qc7 {[%clk 1:31:50]} 9. Be3 {[%clk 1:18:37]}  Nf6 {[%clk 1:31:52]} 10. Nc3 {[%clk 1:17:53]}  Bxf3 {[%clk 1:31:37]} 11. Bxf3 {[%clk 1:17:52]}  O-O {[%clk 1:31:51]} 12. Rc1 {[%clk 1:16:55]}  e5 {[%clk 1:31:58]} 13. d5 {[%clk 1:13:46]}  a6 {[%clk 1:31:33]} 14. O-O {[%clk 1:13:01]}  Nbd7 {[%clk 1:31:23]} 15. b4 {[%clk 1:08:57]}  c5 {[%clk 1:31:11]} 16. Qb3 {[%clk 1:06:58]}  cxb4 {[%clk 1:29:11]} 17. Qxb4 {[%clk 1:05:58]}  Nc5 {[%clk 1:28:47]} 18. Bxc5 {[%clk 1:02:08]}  dxc5 {[%clk 1:22:27]} 19. Qb2 {[%clk 0:59:45]}  Ne8 {[%clk 1:22:31]} 20. Rb1 {[%clk 0:56:54]}  Rb8 {[%clk 1:22:12]} 21. Qb6 {[%clk 0:55:53]}  Qe7 {[%clk 1:21:48]} 22. Na4 {[%clk 0:49:36]}  Nd6 {[%clk 1:21:31]} 23. Rfc1 {[%clk 0:45:08]}  Rfc8 {[%clk 1:17:20]} 24. Nxc5 {[%clk 0:43:49]}  Bf8 {[%clk 1:17:24]} 25. Qa7 {[%clk 0:39:05]}  Ra8 {[%clk 1:15:12]} 26. Qb6 {[%clk 0:37:04]}  Nxc4 {[%clk 1:11:30]} 27. Rxc4 {[%clk 0:35:32]}  Rxc5 {[%clk 1:11:41]} 28. Rxc5 {[%clk 0:32:43]}  Qxc5 {[%clk 1:12:07]} 29. Qxc5 {[%clk 0:30:27]}  Bxc5 {[%clk 1:12:23]} 30. Rxb7 {[%clk 0:30:35]}  Rc8 {[%clk 1:12:26]} 31. Bg4 {[%clk 0:29:37]}  Rd8 {[%clk 1:12:21]} 32. Be2 {[%clk 0:27:58]}  Bd4 {[%clk 1:12:25]} 33. Bg4 {[%clk 0:22:36]}  Rd6 {[%clk 1:12:20]} 34. Kf1 {[%clk 0:22:21]}  a5 {[%clk 1:12:23]} 35. Be2 {[%clk 0:21:56]}  Kf8 {[%clk 1:12:16]} 36. Bb5 {[%clk 0:21:38]}  h5 {[%clk 1:09:45]} 37. Ke2 {[%clk 0:21:16]}  Kg7 {[%clk 1:08:21]} 38. f3 {[%clk 0:20:07]}  h4 {[%clk 1:08:30]} 39. Bc6 {[%clk 0:17:45]}  g5 {[%clk 1:08:35]} 40. Be8 {[%clk 0:16:14]}  Rf6 {[%clk 1:08:05]} 41. Rb5 {[%clk 0:14:38]}  Kf8 {[%clk 1:06:42]} 42. Bc6 {[%clk 0:13:30]}  g4 {[%clk 1:05:24]} 43. Bd7 {[%clk 0:11:13]}  gxf3+ {[%clk 1:05:28]} 44. gxf3 {[%clk 0:11:34]}  Rg6 {[%clk 1:05:41]} 45. Bg4 {[%clk 0:11:50]}  Rb6 {[%clk 1:04:59]} 46. Rxb6 {[%clk 0:09:51]}  Bxb6 {[%clk 1:05:26]} 47. d6 {[%clk 0:09:32]}  f6 {[%clk 1:04:16]} 48. h3 {[%clk 0:08:09]}  Kf7 {[%clk 1:04:23]} 49. Bf5 {[%clk 0:07:58]}  Bc5 {[%clk 1:03:59]} 50. d7 {[%clk 0:08:03]}  Ke7 {[%clk 1:03:40]} 51. Kd3 {[%clk 0:08:20]}  Bb6 {[%clk 1:03:48]} 52. Kc4 {[%clk 0:08:19]}  Kd6 {[%clk 1:04:11]} 53. Kd3 {[%clk 0:06:52]}  Kc5 {[%clk 1:04:05]} 54. Ke2 {[%clk 0:06:50]}  Kd4 {[%clk 1:03:41]} 55. f4 {[%clk 0:05:58]}  exf4 {[%clk 1:03:56]} 56. Kf3 {[%clk 0:06:21]}  Ke5 {[%clk 1:03:53]} 57. Kg4 {[%clk 0:06:22]}  Bd8 {[%clk 1:03:30]} 58. Kxh4 {[%clk 0:03:25]}  Kd4 {[%clk 1:03:52]} 59. Kg4 {[%clk 0:30:07]}  Ke3 {[%clk 1:34:16]} 60. h4 {[%clk 0:30:01]}  f3 {[%clk 1:34:40]} 61. Kg3 {[%clk 0:30:09]}  f2 {[%clk 1:35:08]} 62. Bh3 {[%clk 0:29:56]}  Bc7+ {[%clk 1:34:56]} 63. Kg4 {[%clk 0:30:07]}  Kxe4 {[%clk 1:34:35]} 64. h5 {[%clk 0:30:18]}  f5+ {[%clk 1:34:19]} 65. Kg5 {[%clk 0:30:33]}  Bd8+ {[%clk 1:34:16]} 66. Kg6 {[%clk 0:30:55]}  Ke5 {[%clk 1:33:27]} 67. h6 {[%clk 0:30:47]}  Bf6 {[%clk 1:33:27]} 68. h7 {[%clk 0:30:55]}  Ke6 {[%clk 1:32:32]} 69. h8=Q {[%clk 0:30:45]}  Bxh8 {[%clk 1:32:31]} 70. d8=Q {[%clk 0:31:05]}  Bc3 {[%clk 1:32:26]} 71. Bxf5+ {[%clk 0:30:53]}  Ke5 {[%clk 1:32:29]} 72. Bd3 {[%clk 0:30:39]}  Be1 {[%clk 1:32:35]} 73. Qe7+ {[%clk 0:30:43]}  Kd4 {[%clk 1:32:03]} 74. Qd6+ {[%clk 0:30:37]}  Kc3 {[%clk 1:31:36]} 75. Bf1 {[%clk 0:30:51]}  Kb2 {[%clk 1:31:41]} 76. a4 {[%clk 0:31:09]}  Kb3 {[%clk 1:31:51]} 77. Qc6 {[%clk 0:31:17]}  Ka3 {[%clk 1:31:30]} 78. Qb5 {[%clk 0:31:30]}  Bb4 {[%clk 1:31:02]} 79. Kf5 {[%clk 0:31:48]}  Be1 {[%clk 1:29:30]} 1-0

[Event "Amateur Tournament (ATO)"]
[Site "https://www.chess.com"]
[Date "2025.07.23"]
[Round "8"]
[White "Meise, Volker"]
[Black "Barros, Gustavo"]
[Result "1/2-1/2"]
[Board "40"]
[WhiteFideId "12903434"]
[BlackFideId "1368125"]
[WhiteElo "1715"]
[BlackElo "1658"]
[WhiteTeam "GER"]
[BlackTeam "SUI"]
[WhiteClock "0:33:18"]
[BlackClock "0:44:13"]
[Variant "Standard"]

1. e4 {[%clk 1:30:56]}  c6 {[%clk 1:30:36]} 2. d4 {[%clk 1:31:15]}  d5 {[%clk 1:31:00]} 3. exd5 {[%clk 1:31:30]}  cxd5 {[%clk 1:31:20]} 4. c4 {[%clk 1:31:50]}  e6 {[%clk 1:29:52]} 5. Nc3 {[%clk 1:31:06]}  Nf6 {[%clk 1:29:59]} 6. Nf3 {[%clk 1:30:39]}  Nc6 {[%clk 1:29:18]} 7. Be2 {[%clk 1:28:54]}  dxc4 {[%clk 1:28:28]} 8. Bxc4 {[%clk 1:29:09]}  Bd6 {[%clk 1:25:09]} 9. O-O {[%clk 1:28:42]}  O-O {[%clk 1:25:11]} 10. Bg5 {[%clk 1:24:05]}  h6 {[%clk 1:22:53]} 11. Be3 {[%clk 1:16:52]}  b6 {[%clk 1:19:19]} 12. Qd2 {[%clk 1:10:34]}  Qc7 {[%clk 1:12:33]} 13. Nb5 {[%clk 0:58:45]}  Qb8 {[%clk 1:09:06]} 14. Nxd6 {[%clk 0:52:38]}  Qxd6 {[%clk 1:09:24]} 15. Bf4 {[%clk 0:49:44]}  Qd7 {[%clk 1:05:39]} 16. Bxh6 {[%clk 0:37:50]}  gxh6 {[%clk 1:02:04]} 17. Qxh6 {[%clk 0:36:23]}  Nd5 {[%clk 0:44:42]} 18. Qg5+ {[%clk 0:33:02]}  Kh8 {[%clk 0:44:04]} 19. Qh6+ {[%clk 0:33:18]}  Kg8 {[%clk 0:44:13]} 1/2-1/2

[Event "Amateur Tournament (ATO)"]
[Site "https://www.chess.com"]
[Date "2025.07.23"]
[Round "8"]
[White "Trzcinska, Weronika"]
[Black "Archit Saigal"]
[Result "1-0"]
[Board "41"]
[WhiteFideId "41862155"]
[BlackFideId "46631291"]
[WhiteElo "1712"]
[BlackElo "1494"]
[WhiteTeam "POL"]
[BlackTeam "IND"]
[WhiteClock "0:42:12"]
[BlackClock "0:01:22"]
[Variant "Standard"]

1. e4 {[%clk 1:30:49]}  c6 {[%clk 1:29:01]} 2. e5 {[%clk 1:31:01]}  d6 {[%clk 1:24:02]} 3. exd6 {[%clk 1:31:11]}  exd6 {[%clk 1:22:20]} 4. d4 {[%clk 1:30:47]}  d5 {[%clk 1:15:52]} 5. Nf3 {[%clk 1:29:59]}  Nf6 {[%clk 1:13:56]} 6. Be2 {[%clk 1:28:50]}  Be7 {[%clk 1:10:44]} 7. O-O {[%clk 1:27:59]}  O-O {[%clk 1:10:16]} 8. c3 {[%clk 1:27:42]}  Bf5 {[%clk 1:07:56]} 9. Be3 {[%clk 1:25:34]}  Qc7 {[%clk 0:59:43]} 10. Bd3 {[%clk 1:23:44]}  Bg4 {[%clk 0:56:13]} 11. Be2 {[%clk 1:23:22]}  Nbd7 {[%clk 0:53:13]} 12. Nbd2 {[%clk 1:23:30]}  Rfe8 {[%clk 0:49:30]} 13. Nb3 {[%clk 1:20:43]}  Bd6 {[%clk 0:43:51]} 14. h3 {[%clk 1:17:59]}  Bh5 {[%clk 0:41:55]} 15. Nh4 {[%clk 1:13:41]}  Bxe2 {[%clk 0:37:44]} 16. Qxe2 {[%clk 1:13:18]}  Bh2+ {[%clk 0:25:58]} 17. Kh1 {[%clk 1:12:30]}  Bf4 {[%clk 0:25:51]} 18. Qf3 {[%clk 1:06:06]}  Bxe3 {[%clk 0:16:25]} 19. fxe3 {[%clk 1:05:49]}  g6 {[%clk 0:15:12]} 20. Nd2 {[%clk 1:04:35]}  Qd6 {[%clk 0:11:26]} 21. Rae1 {[%clk 1:01:46]}  Qe7 {[%clk 0:06:52]} 22. Qf2 {[%clk 0:59:10]}  Rf8 {[%clk 0:05:04]} 23. Nhf3 {[%clk 0:54:44]}  Rae8 {[%clk 0:03:56]} 24. Re2 {[%clk 0:52:13]}  Kg7 {[%clk 0:03:01]} 25. Rfe1 {[%clk 0:51:15]}  Ne4 {[%clk 0:02:12]} 26. Nxe4 {[%clk 0:49:47]}  Qxe4 {[%clk 0:02:41]} 27. Ng5 {[%clk 0:49:09]}  Qe7 {[%clk 0:02:37]} 28. Nf3 {[%clk 0:46:22]}  Nf6 {[%clk 0:01:58]} 29. Nd2 {[%clk 0:44:47]}  Ne4 {[%clk 0:02:18]} 30. Nxe4 {[%clk 0:44:56]}  Qxe4 {[%clk 0:02:47]} 31. Qf4 {[%clk 0:43:49]}  f5 {[%clk 0:02:50]} 32. Qxe4 {[%clk 0:42:21]}  Rxe4 {[%clk 0:03:13]} 33. Rf2 {[%clk 0:40:19]}  Rfe8 {[%clk 0:02:58]} 34. Rf3 {[%clk 0:39:22]}  f4 {[%clk 0:03:00]} 35. Kg1 {[%clk 0:39:00]}  fxe3 {[%clk 0:01:44]} 36. Kf1 {[%clk 0:37:59]}  e2+ {[%clk 0:01:06]} 37. Kf2 {[%clk 0:37:22]}  R8e7 {[%clk 0:01:01]} 38. Rd3 {[%clk 0:36:56]}  Rf7+ {[%clk 0:01:03]} 39. Rf3 {[%clk 0:37:06]}  Rfe7 {[%clk 0:01:00]} 40. Rd3 {[%clk 0:36:19]}  Rf7+ {[%clk 0:01:18]} 41. Rf3 {[%clk 0:35:49]}  Rfe7 {[%clk 0:29:30]} 42. Rd3 {[%clk 1:02:25]}  b5 {[%clk 0:20:05]} 43. Rd2 {[%clk 1:01:13]}  Rf7+ {[%clk 0:14:51]} 44. Kg1 {[%clk 1:01:08]}  Rfe7 {[%clk 0:07:41]} 45. Kf2 {[%clk 1:01:18]}  Rf7+ {[%clk 0:08:01]} 46. Kg1 {[%clk 1:01:26]}  Rfe7 {[%clk 0:07:22]} 47. Kf2 {[%clk 1:01:11]}  a5 {[%clk 0:05:21]} 48. Rdxe2 {[%clk 1:00:51]}  Kf6 {[%clk 0:05:38]} 49. Rxe4 {[%clk 0:59:37]}  dxe4 {[%clk 0:05:39]} 50. Ke3 {[%clk 0:59:39]}  Ke6 {[%clk 0:04:19]} 51. Rf1 {[%clk 0:59:26]}  Kd5 {[%clk 0:03:02]} 52. Rf8 {[%clk 0:57:42]}  Kc4 {[%clk 0:02:28]} 53. Rd8 {[%clk 0:54:35]}  Re6 {[%clk 0:00:46]} 54. d5 {[%clk 0:50:47]}  Rf6 {[%clk 0:00:38]} 55. dxc6 {[%clk 0:45:58]}  Rxc6 {[%clk 0:00:34]} 56. Rd4+ {[%clk 0:46:15]}  Kc5 {[%clk 0:01:03]} 57. Rxe4 {[%clk 0:46:13]}  Kd5 {[%clk 0:00:35]} 58. Re8 {[%clk 0:45:42]}  Kc4 {[%clk 0:00:36]} 59. Re5 {[%clk 0:45:34]}  a4 {[%clk 0:00:53]} 60. Kd2 {[%clk 0:45:37]}  Rf6 {[%clk 0:00:33]} 61. Ke2 {[%clk 0:44:55]}  Rb6 {[%clk 0:00:37]} 62. Re7 {[%clk 0:43:39]}  h5 {[%clk 0:00:45]} 63. Re5 {[%clk 0:43:49]}  a3 {[%clk 0:00:54]} 64. Re4+ {[%clk 0:43:05]}  Kd5 {[%clk 0:01:16]} 65. Rd4+ {[%clk 0:42:45]}  Kc5 {[%clk 0:01:38]} 66. b3 {[%clk 0:42:00]}  Re6+ {[%clk 0:01:30]} 67. Kd2 {[%clk 0:41:40]}  Rf6 {[%clk 0:01:41]} 68. Re4 {[%clk 0:41:31]}  Rf2+ {[%clk 0:01:18]} 69. Re2 {[%clk 0:41:20]}  Rf5 {[%clk 0:00:48]} 70. Kc2 {[%clk 0:40:31]}  Rg5 {[%clk 0:00:36]} 71. b4+ {[%clk 0:40:05]}  Kc4 {[%clk 0:00:47]} 72. Rd2 {[%clk 0:39:28]}  Rd5 {[%clk 0:00:35]} 73. Rxd5 {[%clk 0:39:41]}  Kxd5 {[%clk 0:00:34]} 74. Kb3 {[%clk 0:39:56]}  h4 {[%clk 0:01:04]} 75. Kxa3 {[%clk 0:40:11]}  Kc4 {[%clk 0:00:37]} 76. Kb2 {[%clk 0:40:03]}  Kd3 {[%clk 0:00:33]} 77. a4 {[%clk 0:39:39]}  bxa4 {[%clk 0:00:31]} 78. b5 {[%clk 0:40:01]}  Ke3 {[%clk 0:00:45]} 79. b6 {[%clk 0:40:12]}  Kf2 {[%clk 0:00:55]} 80. b7 {[%clk 0:40:16]}  Kxg2 {[%clk 0:00:46]} 81. b8=Q {[%clk 0:40:31]}  a3+ {[%clk 0:00:52]} 82. Kxa3 {[%clk 0:40:52]}  Kxh3 {[%clk 0:01:18]} 83. c4 {[%clk 0:40:58]}  Kg2 {[%clk 0:01:13]} 84. c5 {[%clk 0:41:07]}  h3 {[%clk 0:00:47]} 85. Qg8 {[%clk 0:41:25]}  h2 {[%clk 0:01:04]} 86. Qxg6+ {[%clk 0:41:48]}  Kh1 {[%clk 0:01:22]} 87. Qh5 {[%clk 0:42:12]} 1-0

[Event "Amateur Tournament (ATO)"]
[Site "https://www.chess.com"]
[Date "2025.07.23"]
[Round "8"]
[White "Schaefer, Gion"]
[Black "Harte, Bernd"]
[Result "1-0"]
[Board "42"]
[WhiteFideId "1362097"]
[BlackFideId "1356399"]
[WhiteElo "1812"]
[BlackElo "1646"]
[WhiteTeam "SUI"]
[BlackTeam "SUI"]
[WhiteClock "0:50:58"]
[BlackClock "0:49:23"]
[Variant "Standard"]

1. d4 {[%clk 1:30:55]}  d5 {[%clk 1:30:40]} 2. c4 {[%clk 1:31:19]}  e6 {[%clk 1:30:45]} 3. Nc3 {[%clk 1:31:37]}  Bb4 {[%clk 1:30:54]} 4. Nf3 {[%clk 1:31:56]}  h6 {[%clk 1:30:56]} 5. a3 {[%clk 1:32:13]}  Bxc3+ {[%clk 1:30:21]} 6. bxc3 {[%clk 1:32:12]}  Nf6 {[%clk 1:30:21]} 7. Bf4 {[%clk 1:32:19]}  O-O {[%clk 1:30:26]} 8. e3 {[%clk 1:32:32]}  Nc6 {[%clk 1:30:16]} 9. cxd5 {[%clk 1:32:17]}  Nxd5 {[%clk 1:30:12]} 10. Bg3 {[%clk 1:31:03]}  Nxc3 {[%clk 1:29:27]} 11. Qc2 {[%clk 1:30:20]}  Nd5 {[%clk 1:29:00]} 12. Be2 {[%clk 1:27:30]}  Nb6 {[%clk 1:27:17]} 13. O-O {[%clk 1:24:06]}  Bd7 {[%clk 1:22:56]} 14. Bh4 {[%clk 1:18:39]}  g5 {[%clk 1:18:24]} 15. Bg3 {[%clk 1:18:53]}  Rc8 {[%clk 1:18:22]} 16. Rab1 {[%clk 1:13:57]}  Ne7 {[%clk 1:16:22]} 17. Ne5 {[%clk 1:12:23]}  f5 {[%clk 1:15:05]} 18. h4 {[%clk 1:07:49]}  Ba4 {[%clk 1:05:01]} 19. Qd2 {[%clk 1:04:29]}  c5 {[%clk 1:01:37]} 20. Qa5 {[%clk 0:51:52]}  cxd4 {[%clk 0:56:03]} 21. Rxb6 {[%clk 0:51:22]}  axb6 {[%clk 0:56:00]} 22. Qxa4 {[%clk 0:51:35]}  dxe3 {[%clk 0:56:09]} 23. fxe3 {[%clk 0:51:36]}  Qd2 {[%clk 0:54:40]} 24. Kf2 {[%clk 0:51:20]}  Rc2 {[%clk 0:49:23]} 25. Qb5 {[%clk 0:51:43]}  Nd5 {[%clk 0:49:23]} 26. Nd3 {[%clk 0:51:43]}  Qxd3 {[%clk 0:49:23]} 27. Re1 {[%clk 0:50:58]} 1-0

[Event "Amateur Tournament (ATO)"]
[Site "https://www.chess.com"]
[Date "2025.07.23"]
[Round "8"]
[White "Morgan, Jesus Alberto"]
[Black "Zimmermann, Stefan SUI"]
[Result "0-1"]
[Board "43"]
[WhiteFideId "1339575"]
[BlackFideId "1320157"]
[WhiteElo "1542"]
[BlackElo "1714"]
[WhiteTeam "SUI"]
[BlackTeam "SUI"]
[WhiteClock "0:01:38"]
[BlackClock "0:37:19"]
[Variant "Standard"]

1. e4 {[%clk 1:30:56]}  d5 {[%clk 1:30:43]} 2. exd5 {[%clk 1:31:21]}  Qxd5 {[%clk 1:31:03]} 3. Nc3 {[%clk 1:31:42]}  Qd6 {[%clk 1:31:21]} 4. d4 {[%clk 1:31:36]}  Nf6 {[%clk 1:31:43]} 5. Nf3 {[%clk 1:31:49]}  a6 {[%clk 1:31:56]} 6. g3 {[%clk 1:29:17]}  Bg4 {[%clk 1:31:50]} 7. a3 {[%clk 1:22:20]}  e6 {[%clk 1:29:57]} 8. Bg2 {[%clk 1:21:56]}  c6 {[%clk 1:27:45]} 9. O-O {[%clk 1:18:18]}  Be7 {[%clk 1:27:37]} 10. Bf4 {[%clk 1:17:19]}  Qd8 {[%clk 1:27:49]} 11. Qd3 {[%clk 1:17:27]}  Bf5 {[%clk 1:26:03]} 12. Qd2 {[%clk 1:13:33]}  h6 {[%clk 1:25:21]} 13. h3 {[%clk 0:55:24]}  O-O {[%clk 1:24:18]} 14. Rad1 {[%clk 0:49:07]}  Nbd7 {[%clk 1:21:08]} 15. Rfe1 {[%clk 0:45:19]}  Rc8 {[%clk 1:14:33]} 16. Ne5 {[%clk 0:36:31]}  Nxe5 {[%clk 1:07:43]} 17. dxe5 {[%clk 0:36:06]}  Qxd2 {[%clk 1:07:43]} 18. Rxd2 {[%clk 0:36:24]}  Nd5 {[%clk 1:07:18]} 19. Nxd5 {[%clk 0:31:54]}  cxd5 {[%clk 1:07:06]} 20. c3 {[%clk 0:29:26]}  b5 {[%clk 0:59:44]} 21. Bf1 {[%clk 0:17:55]}  Rc6 {[%clk 0:57:16]} 22. Ra1 {[%clk 0:13:47]}  Rb8 {[%clk 0:52:25]} 23. Be3 {[%clk 0:07:37]}  a5 {[%clk 0:46:26]} 24. Bd4 {[%clk 0:03:08]}  b4 {[%clk 0:42:46]} 25. h4 {[%clk 0:01:02]}  bxa3 {[%clk 0:37:31]} 26. bxa3 {[%clk 0:01:01]}  a4 {[%clk 0:35:43]} 27. Be2 {[%clk 0:00:43]}  Rb3 {[%clk 0:34:29]} 28. Bd1 {[%clk 0:01:12]}  Rb8 {[%clk 0:20:16]} 29. Bxa4 {[%clk 0:00:33]}  Ra6 {[%clk 0:20:29]} 30. Bc2 {[%clk 0:00:36]}  Bxc2 {[%clk 0:18:57]} 31. Rxc2 {[%clk 0:01:04]}  Rxa3 {[%clk 0:18:48]} 32. Rxa3 {[%clk 0:00:47]}  Bxa3 {[%clk 0:19:08]} 33. Ra2 {[%clk 0:00:49]}  Bb2 {[%clk 0:15:15]} 34. Kg2 {[%clk 0:01:00]}  Kh7 {[%clk 0:15:26]} 35. Kf3 {[%clk 0:01:12]}  Rb3 {[%clk 0:15:34]} 36. Ke2 {[%clk 0:00:56]}  Bxc3 {[%clk 0:15:41]} 37. Bxc3 {[%clk 0:01:18]}  Rxc3 {[%clk 0:15:52]} 38. h5 {[%clk 0:00:59]}  g6 {[%clk 0:15:14]} 39. Kd2 {[%clk 0:00:48]}  Rf3 {[%clk 0:14:35]} 40. Ke2 {[%clk 0:00:48]}  Rf5 {[%clk 0:44:08]} 41. hxg6+ {[%clk 0:25:18]}  Kxg6 {[%clk 0:44:00]} 42. f4 {[%clk 0:25:14]}  Rh5 {[%clk 0:44:06]} 43. Ra8 {[%clk 0:12:32]}  Rh2+ {[%clk 0:43:27]} 44. Kf3 {[%clk 0:12:25]}  Kg7 {[%clk 0:43:22]} 45. Ra6 {[%clk 0:07:22]}  Rc2 {[%clk 0:42:58]} 46. Ra3 {[%clk 0:06:56]}  Rc7 {[%clk 0:43:05]} 47. Rd3 {[%clk 0:06:05]}  Rc8 {[%clk 0:38:57]} 48. Kg4 {[%clk 0:04:59]}  Kg6 {[%clk 0:39:27]} 49. Kf3 {[%clk 0:04:10]}  h5 {[%clk 0:38:28]} 50. Kg2 {[%clk 0:03:54]}  Kf5 {[%clk 0:38:15]} 51. Kf3 {[%clk 0:03:05]}  Rc4 {[%clk 0:37:51]} 52. Re3 {[%clk 0:01:11]}  d4 {[%clk 0:37:20]} 53. Rd3 {[%clk 0:01:38]}  Rc3 {[%clk 0:37:19]} 0-1

[Event "Amateur Tournament (ATO)"]
[Site "https://www.chess.com"]
[Date "2025.07.23"]
[Round "8"]
[White "Aleksenko, Kirill"]
[Black "Kuenzli, Manuel"]
[Result "1-0"]
[Board "44"]
[WhiteFideId "1364413"]
[BlackFideId "1351982"]
[WhiteElo "1707"]
[BlackElo "1480"]
[WhiteTeam "SUI"]
[BlackTeam "SUI"]
[WhiteClock "0:58:06"]
[BlackClock "1:09:42"]
[Variant "Standard"]

1. e4 {[%clk 1:30:56]}  e6 {[%clk 1:30:41]} 2. d4 {[%clk 1:31:07]}  d5 {[%clk 1:31:00]} 3. e5 {[%clk 1:31:29]}  c5 {[%clk 1:31:17]} 4. Bb5+ {[%clk 1:31:06]}  Bd7 {[%clk 1:31:29]} 5. Bxd7+ {[%clk 1:29:49]}  Nxd7 {[%clk 1:31:22]} 6. c3 {[%clk 1:29:51]}  Ne7 {[%clk 1:31:26]} 7. Qb3 {[%clk 1:29:16]}  Qb6 {[%clk 1:31:04]} 8. Qxb6 {[%clk 1:28:46]}  Nxb6 {[%clk 1:31:26]} 9. dxc5 {[%clk 1:28:45]}  Nd7 {[%clk 1:31:37]} 10. Nf3 {[%clk 1:28:58]}  Nc6 {[%clk 1:31:32]} 11. Bf4 {[%clk 1:29:01]}  Bxc5 {[%clk 1:31:14]} 12. O-O {[%clk 1:28:55]}  O-O {[%clk 1:31:10]} 13. Nbd2 {[%clk 1:28:43]}  d4 {[%clk 1:28:56]} 14. cxd4 {[%clk 1:26:32]}  Nxd4 {[%clk 1:28:53]} 15. Nxd4 {[%clk 1:26:52]}  Bxd4 {[%clk 1:28:54]} 16. Nf3 {[%clk 1:26:17]}  Bb6 {[%clk 1:27:33]} 17. Rfd1 {[%clk 1:25:12]}  Nc5 {[%clk 1:26:50]} 18. Be3 {[%clk 1:24:35]}  Rad8 {[%clk 1:25:13]} 19. Bd4 {[%clk 1:16:40]}  Rd5 {[%clk 1:24:30]} 20. Bxc5 {[%clk 1:16:51]}  Bxc5 {[%clk 1:24:19]} 21. Rxd5 {[%clk 1:15:51]}  exd5 {[%clk 1:24:19]} 22. Rd1 {[%clk 1:15:51]}  Rd8 {[%clk 1:24:25]} 23. Kf1 {[%clk 1:14:38]}  Kf8 {[%clk 1:24:24]} 24. a3 {[%clk 1:14:12]}  a5 {[%clk 1:24:27]} 25. Ke2 {[%clk 1:13:33]}  Ke7 {[%clk 1:23:19]} 26. Nd4 {[%clk 1:13:35]}  Bxd4 {[%clk 1:22:33]} 27. Rxd4 {[%clk 1:11:15]}  Ke6 {[%clk 1:22:33]} 28. f4 {[%clk 1:11:15]}  b5 {[%clk 1:21:31]} 29. g4 {[%clk 1:06:59]}  f6 {[%clk 1:20:53]} 30. exf6 {[%clk 1:07:03]}  Kxf6 {[%clk 1:20:13]} 31. h4 {[%clk 1:06:25]}  Ke6 {[%clk 1:19:12]} 32. b3 {[%clk 1:05:42]}  Kd6 {[%clk 1:18:31]} 33. Rd3 {[%clk 1:01:34]}  Re8+ {[%clk 1:16:10]} 34. Re3 {[%clk 1:01:00]}  Re4 {[%clk 1:15:45]} 35. Rxe4 {[%clk 0:54:37]}  dxe4 {[%clk 1:15:45]} 36. Ke3 {[%clk 0:54:37]}  Kd5 {[%clk 1:15:24]} 37. h5 {[%clk 0:52:50]}  h6 {[%clk 1:14:07]} 38. g5 {[%clk 0:53:07]}  hxg5 {[%clk 1:09:12]} 39. fxg5 {[%clk 0:53:36]}  Ke6 {[%clk 1:08:18]} 40. h6 {[%clk 0:53:54]}  gxh6 {[%clk 1:08:23]} 41. gxh6 {[%clk 0:54:21]}  Kf6 {[%clk 1:08:32]} 42. Kxe4 {[%clk 0:54:46]}  Kg6 {[%clk 1:08:07]} 43. Kd5 {[%clk 0:54:51]}  Kxh6 {[%clk 1:08:20]} 44. Kc5 {[%clk 0:55:14]}  b4 {[%clk 1:08:25]} 45. a4 {[%clk 0:55:42]}  Kg7 {[%clk 1:08:33]} 46. Kb5 {[%clk 0:55:42]}  Kf7 {[%clk 1:08:33]} 47. Kxa5 {[%clk 0:56:37]}  Ke7 {[%clk 1:08:40]} 48. Kxb4 {[%clk 0:57:04]}  Kd7 {[%clk 1:08:52]} 49. Kc5 {[%clk 0:57:21]}  Kc7 {[%clk 1:09:15]} 50. b4 {[%clk 0:57:46]}  Kb7 {[%clk 1:09:23]} 51. b5 {[%clk 0:58:12]}  Ka7 {[%clk 1:09:17]} 52. Kd6 {[%clk 0:58:06]}  Kb7 {[%clk 1:09:42]} 1-0

[Event "Amateur Tournament (ATO)"]
[Site "https://www.chess.com"]
[Date "2025.07.23"]
[Round "8"]
[White "Lachausse, Bruno"]
[Black "Moreno Enric"]
[Result "1-0"]
[Board "45"]
[WhiteFideId "1313231"]
[BlackFideId "1365690"]
[WhiteElo "1761"]
[BlackElo "1592"]
[WhiteTeam "SUI"]
[BlackTeam "SUI"]
[WhiteClock "1:19:30"]
[BlackClock "1:22:54"]
[Variant "Standard"]

1. e4 {[%clk 1:27:37]}  e5 {[%clk 1:30:47]} 2. Nf3 {[%clk 1:27:34]}  Nc6 {[%clk 1:31:12]} 3. d4 {[%clk 1:27:49]}  exd4 {[%clk 1:31:11]} 4. Bc4 {[%clk 1:27:13]}  Nf6 {[%clk 1:28:56]} 5. e5 {[%clk 1:26:48]}  Qe7 {[%clk 1:26:44]} 6. O-O {[%clk 1:25:28]}  d5 {[%clk 1:25:21]} 7. exf6 {[%clk 1:22:43]}  Qxf6 {[%clk 1:25:23]} 8. Bxd5 {[%clk 1:22:05]}  Bd6 {[%clk 1:24:38]} 9. Re1+ {[%clk 1:21:32]}  Be7 {[%clk 1:23:18]} 10. Bg5 {[%clk 1:19:25]}  Qd6 {[%clk 1:22:38]} 11. Bxc6+ {[%clk 1:19:24]}  bxc6 {[%clk 1:22:54]} 12. Rxe7+ {[%clk 1:19:30]} 1-0